000
00281nam a2200109Ia 4500
008
190216s9999||||xx |||||||||||||| ||und||
100
_a
"Goel Jp, Khanna, Garg, 
 Srivasthava"
245
0
_a
P M T Guide
260
_b
Rajhans Publications
_c
1998
300
_a
3452p
942
_c
REF
999
_c
36375
_d
36375